|
|
|
|
| LEADER |
00000nab a2200000 a 4500 |
| 001 |
vtls011115420 |
| 003 |
SK-MaSNL |
| 005 |
20260303215011.0 |
| 008 |
230218|1974 xo |||||||||||||||||slo| |
| 015 |
|
|
|a SNBRB
|
| 035 |
|
|
|a (uuid)665f67d5-edbd-42b3-8eaf-ae5f5ea87827
|
| 035 |
|
|
|a (urnnbn)urn:nbn:sk:snk:ar-a08jzn
|
| 035 |
|
|
|a urn:nbn:sk:snk-ab9m7m
|
| 040 |
|
|
|a SNKBUCL
|b slo
|c SNKBUCL
|e AACR2
|
| 041 |
0 |
|
|a slo
|
| 044 |
|
|
|a xo
|c SK
|
| 100 |
1 |
|
|a Jurášek, Viliam,
|d 1929-1992
|4 aut
|9 39208
|
| 245 |
1 |
0 |
|a INVÁZNY CYKLUS RAILLIETINA TETRAGONA (MOLIN, 1858) U KURY DOMÁCEJ (GALLUS GALLUS f. DOMESTICA) NA KUBE R. 1970/1971
|c V. Jurášek, V. I. Tokarev, D. Ovies Díaz
|
| 700 |
1 |
|
|a Tokarev, V. I.
|4 aut
|9 1250660
|
| 700 |
1 |
|
|a Ovies Díaz, D.
|4 aut
|9 1250661
|
| 773 |
0 |
|
|t Folia veterinaria
|g Roč. 18, č. 3-4 (1974), s. [819]-835
|
| 954 |
|
|
|a odborná, vedecká literatúra pôvodná (slovenská)
|2 lita
|
| 958 |
|
|
|a OND
|
| 958 |
|
|
|a EUIPO
|
| 958 |
|
|
|a article13
|
| 999 |
|
|
|c 2219621
|d 2221551
|